Estadísticas para Minecraft

Haz click aquí para intentar la prueba.

Estadísticas generales

  • Esta prueba ha sido intentada 278 veces
  • La puntuación promedio es 10 de 15

Estadísticas de respuestas

PreguntaRespuesta% Correcto
¿Cuál de los siguientes mobs (creaturas) no es hostil?Cerdo
97%
¿Cuál de las siguientes armas se puede encantar con Lealtad?Tridente
91%
¿Quién es el creador original de Minecraft?Markus Persson "Notch"
86%
¿En qué Actualización se implementaron las elytras?1.9 Combat System
70%
¿En qué animal de la vida real está inspirado el Shulker?Almejas
69%
Durante la Votación de mobs para la 1.19 se propusieron 3 mobs, los cuales son...Allay, Copper Golem y Glare
67%
¿Qué Actualización sigue de la 1.18 Caves & Cliffs II?1.19 Wild Update
66%
Los mobs (creaturas) se clasifican en...Pasivos, neutros y hostiles
64%
¿En qué versión se puede activar Education Edition en los mundos?Bedrock
62%
¿Cuál de los siguientes bloques no fue añadido en la 1.14 Village & Pillage Update?Panal
60%
¿Cuáles son jefes y cuáles subjefes? 1.Wither 2.Ender Dragón 3.Las raids de Pillagers 4.Guardián Anciano1 y 2 jefes, 3 y 4 subjefes
56%
¿A qué mobs ataca el ajolote?Ahogados, guardianes, peces y calamares
54%
¿Cuál es el Youtuber más conocido de Latinoamérica que juega Minecraft?Bobicraft
47%
¿En qué Actualización se cambió lo mayoría de texturas? (En mi opinión son muy feas las de ahora)1.14 Village & Pillage Update
40%
Bedrock, Java y Legacy no son 100% iguales, sin embargo, hsy cosas en las que sí coinciden, por ejemplo...Servidores activos y mapas
28%

Distribución de puntuación

Porcentaje por número respondido

Porcentaje de gente con cada puntuación

Historial de tus puntuaciones

No has intentado esta prueba.